00783nam a2200205Ia 4500008004100000020001600041020002000057041000800077050002600085100001500111245007100126260005500197300002200252505006800274650005700342650003500399650001400434952011600448999001300564200731s9999 xx 000 0 und d a083082782X  a9780830827824  aeng aBX5199.L53b.V38 2004 aVaus, Will aMere theology: bA guide to the thought of C.S. Lewis /cWill Vaus aDowners Grove, Ill. : bInterVarsity Press, c2004 a266 p.b;c23 cm. aIncludes bibliographical references (p. [259]-262) and indexes. aChristian literature, English History and criticism. aLewis, C.S.1898-1963 Religion. aTheology. 00104070aGETSbGETScGENd2020-07-09l0oBX5199.L53 .V38 2004p00000245r2020-07-09 00:00:00w2020-07-09yBK c245d245